| 000 | 01739 a2200277 4500 | ||
|---|---|---|---|
| 999 |
_c11127 _d11127 |
||
| 020 | _a9781437703184 (pbk.) | ||
| 050 | 0 | 0 |
_aRM216 _bPEC 2010 |
| 100 | 1 |
_aPeckenpaugh, Nancy J. _eauthor |
|
| 245 | 1 | 0 |
_aNutrition essentials and diet therapy / _cNancy J. Peckenpaugh. |
| 250 | _aeleventh edition | ||
| 264 |
_aSt. Louis : _bSaunders/Elsevier, _c2010 |
||
| 300 |
_axxii, 697 pages _bcoloured illustrations |
||
| 336 |
_2rdacontent _atext _btxt |
||
| 337 |
_2rdamedia _aunmediated _bn |
||
| 338 |
_2rdacarrier _avolume _bnc |
||
| 504 | _aIncludes bibliographical references and index. | ||
| 505 | 0 | _aThe art of nutrition in a social context -- Carbohydrates, proteins, and fats: the energy -- Macronutrients of balanced meals -- The micronutrients of balanced meals: vitamins -- Minerals, and phytochemicals -- Digestion, absorption, and metabolism in health and disease -- Insulin resistance and the metabolic syndrome -- Obesity and healthy weight management -- Cardiovascular disease -- Diabetes mellitus -- Renal disease -- Cancer: nutrition prevention and treatment -- Maternal and infant nutrition in health and disease -- Growth development issues in promoting good health -- Nutrition over the adult life span -- Public health issues in national and international nutrition -- The nutrition care process in the health care setting. | |
| 650 | 0 | _aDiet therapy. | |
| 650 | 0 | _aNutrition. | |
| 650 | 1 | 2 | _aNutritional Physiological Phenomena. |
| 650 | 2 | 2 | _aDiet Therapy. |
| 650 | 2 | 2 | _aNutritional Requirements. |
| 650 | 2 | 2 | _aPublic Health. |
| 942 |
_2lcc _cBK _h216 _iPEC _kRM |
||